Statistics for U.S. States that Drink Drive the Most - with a Map

Click here to take the quiz!

General Stats

  • This quiz has been taken 440 times
    (358 since last reset)
  • The average score is 7 of 10

Answers on the Map

Answers color-coded by a green-red scale on the quiz's map according to % correct below.
 

Answer Stats

% AdultsState% Correct
3.4North Dakota
82%
2.8Iowa
78%
2.2Michigan
78%
2.4Montana
78%
2.2South Dakota
78%
2.2Wisconsin
77%
2.2Nevada
76%
2.5Nebraska
74%
2.2Louisiana
68%
2.5Rhode Island
41%

Score Distribution

Percentile by Number Answered

Percent of People with Each Score

Your Score History

You have not taken this quiz since the last reset